000 01697nam a2200241 a 4500
001 000024611
005 20200930023251.0
008 110127s2002 sp a r 000 | spa d
020 _a8400080610
040 _aDO-SdBNP
_bspa
_cBNPHU
082 _a809
_bE77c
245 0 0 _aEspacios de la comunicación literaria /
_cJoaquín Álvarez Barrientos, ed.
260 _aMadrid, (España) :
_bConsejo Superior de Investigaciones Científicas,
_c2002.
300 _a228 p. :
_bil. ;
_c18 cm.
490 1 _aAnejos de Revista de Literatura
_v55
505 0 _tPresentación /
_rJoaquín Álvarez Barrientos
_tGlobalización y folklore. Nuevo espacios de comunicación en la cultura popular /
_rLuis Díaz Viana
_tLa fiesta como espacio literario /
_rJavier Portús
_tLa calle como teatro: las representaciones en la sierra de Francia (Salamanca), siglos xvi a xx /
_rAntonio Cea Gutiérrez
_tEl libro: la colección de poetas castellanos (1786-1798) /
_rJosé Checa Beltrán
_tSociabilidad literaria: tertulias y cafés en el siglo xviii /
_rJoaquín Álvarez Barrientos
_tSalones y teatros de sociedad en el siglo xix /
_rAna Ma. Freire
_tEscenario privados: el teatro ventura /
_rMa. Del Carmen Menéndez Onrubia
_tEl espacio de la intimidad. Juan Valera, el escritor en cartas /
_rLeonardo Romero Tobar
_tEl espacio imaginario en la comunicación dramática /
_rCecilia García-Antón
650 4 _aLiteratura española
_xHistoria y crítica
_xLiteratura y sociedad
_950466
650 4 _aFilosofía de la literatura española
_950467
700 1 _aÁlvarez Barrientos, Joaquín,
_eed.
_950468
710 2 _aInstituto de la Lengua Española
_950469
830 0 _aAnejos de Revista de Literatura;
_v55
_915426
049 _aBNGR
999 _c24104
_d24104